000 01041nam a2200265Ia 4500
003 OSt
005 20221005103012.0
006 a|||||r|||| 00| 0
007 ta
008 221004b |||||||| |||| 00| 0 hin d
020 _a9788180314827 (hbk)
024 _a5058
037 _bGift, 03/07/2013,
_cTextual
040 _aCRL
_cCRL
_bhin
041 _2hin
_ahin
082 _aR39N, 152Q0
100 _aपाण्डेय, शशिभूड्ढण, ‘शीतांशु’
_9161436
245 0 _aउत्तर - आधुनिकता
_b बहुआयामी सन्दर्भ
246 _aUttar - ādhunikatā: bahuāyāmī sandarbha
260 _aइलाहाबाद
_bलोकभारती प्रकाशन भारत
_c2010
300 _a314पृ0
_ccm.
650 _aभारतीय दर्शन
942 _hR39N, 152Q0
_cTEXL
_2cc
999 _c1009270
_d1009270